Stratégie finančného, resp. portfóliového onvestovania diplomová práca

Enregistré dans:
Détails bibliographiques
Auteur principal: Vach, Michal
Collectivité auteur: Fakulta podnikového manažmentu EU. Katedra podnikových financií
Autres auteurs: Miková, Oľga
Format: Livre
Langue:slovaque
Publié: Bratislava 2009
Tags: Ajouter un tag
Pas de tags, Soyez le premier à ajouter un tag!

MARC

LEADER 00000nam$a2200000$$$4500
001 0101583
005 20240319124635.3
041 0 |a slo 
044 |a SK 
245 1 0 |a Stratégie finančného, resp. portfóliového onvestovania  |b diplomová práca  |c Michal Vach ; škol. Oľga Miková 
264 1 |a Bratislava  |c 2009 
300 |a 92 s. 
100 1 |a Vach, Michal 
700 1 |a Miková, Oľga 
710 2 |a Fakulta podnikového manažmentu EU. Katedra podnikových financií